000 00886nam a2200289 i 4500
001 000007260
003 DO-SdBNP
005 20241217091158.0
007 ta
008 171224s1999 dr 000 0 spa d
040 _aDO-SdBNP
_bspa
_cBNPHU
_erda
041 _hspa
082 _a861,44
_bH557a,1999
_222
100 1 _aHernández Franco, Tomás,
_d1904-1952
_eutor
_96622
245 1 0 _aApuntes sobre la poesía popular y poesía negra en Las Antillas /
_cTomás Hernández Franco.
250 _a3a. edición
264 _aSanto Domingo :
_bLibrería La Trinitaria,
_c1999.
300 _a72 páginas ;
_c21 cm.
336 _ardacontent
_btexto
_2txt
337 _ardamedia
_bsin mediación
_2n
338 _ardacarrier
_bvolumen
_2nc
590 _aInventariado, 2024/DG
650 4 _aPoesía negra
_934660
650 4 _aPoesía popular
_986872
910 _aDG
942 _2ddc
_cLBS1
999 _c57962
_d57962